LEADER 01131nam a2200277 4500 001 000000338032 003 CaOOAMICUS 005 20191206165329.0 008 191120s2019 fr 000 u fre r 020 $a978-2-226-44526-1 040 $aSeMil$bita 100 1 $aAuproux, Agathe.$0(OLS)http://semarc/name/110512 245 10$aTout va bien /$cAgathe Auproux. 264 1$aParis :$bAlbin Michel,$c2019. 300 $a219 p. ;$c21 cm 650 4$aMalattia - Diari e memorie.$0(OLS)http://semarc/subject/48838 650 4$aCancro - Diari e memorie.$0(OLS)http://semarc/subject/29151 650 4$aTelevisione - Aspetti sociali.$0(OLS)http://semarc/subject/24699 650 4$aInternet.$0(OLS)http://semarc/subject/17396 850 $aSeMil 852 $aSeMil$W1$xVenegono$y1$m1V III 308$j220278$B229389$CSeMilBibl$Z2$F229389 $81 961 $aPerego don Stefano - Omaggio 996 $6020$a978-2-226-44526-1$9(OLS)http://semarc/number/289225 996 $6245$aTout va bien$9(OLS)http://semarc/title/426937 996 $6264$aParis :$bAlbin Michel$9(OLS)http://semarc/publisher/32166 LEADER 01205nam a2200277 i 4500 001 000000038292 003 CaOOAMICUS 005 20090404000000.0 008 090404s1992 it u000 u ita u 013 $a8717 040 $aSeMil$bita 100 1 $aSnider, Carlo.$0(OLS)http://semarc/name/4347 245 10$aPio 9. nella luce dei processi canonici /$cAvv. Dott. Carlo Snider. 260 $aCittą del Vaticano :$bLibreria Editrice Vaticana,$c1992. 260 $aCittą del Vaticano :$bEdizioni della Postulazione,$c1992. 300 $a240 p. ;$c24 cm. 490 0 $aStudi Piani ;$v8 500 $aContiene : Appendici. 600 04$aPio IX .$0(OLS)http://semarc/subject/251 830 0$aStudi Piani ;$v8.$0(OLS)http://semarc/title/315 850 $aSeMil 852 $aSeMil$W1$xVenegono$y1$m3A III 132$j4447$B4447$CSeMilBibl$Z2$F4447 $81 961 $aOmaggio: Casa editrice 996 $6245$aPio 9. nella luce dei processi canonici$9(OLS)http://semarc/title/53993 996 $6260$aCittą del Vaticano :$bEdizioni della Postulazione$9(OLS)http://semarc/publisher/30351 996 $6260$aCittą del Vaticano :$bLibreria Editrice Vaticana$9(OLS)http://semarc/publisher/29734